Keď ma manželka neuvidí, pôdem pracovať

Bibliographic Details
Main Authors: Lechta, Viktor, 1948- (Author), Krajčo, Eduard, 1940- (Author)
Format: Article
Language:Slovak
PhysicalDescription:Obr. 1
ISSN:0231-6463
Subjects:

MARC

LEADER 00000nab a2200000 a 4500
001 vtls000607280
003 SK-MaSNL
005 20260303222316.0
008 140417c1996 xo 0 slo
015 |a SNBRB19rr/mm-uuuuu 
035 |a CL0607419 
040 |a SNKBUCL  |b slo  |c SNKBUCL  |e AACR2 
041 0 |a slo 
044 |a xo  |c SK 
080 |a 378.124:376.36  |2 1981 
080 |a 376.36  |2 1981 
100 1 |a Lechta, Viktor,  |d 1948-  |4 aut  |9 204822 
245 1 0 |a Keď ma manželka neuvidí, pôdem pracovať  |c Viktor Lechta, Eduard Krajčo 
300 |b Obr. 1 
600 1 7 |a Lechta, Viktor,  |d 1948-  |2 snkbucl  |9 204822 
655 7 |a články z novín a časopisov  |2 snkbucl  |9 267496 
700 1 |a Krajčo, Eduard,  |d 1940-  |4 aut  |9 242959 
773 0 |t Rodina a škola  |g Roč. 44, č. 10 (1996), s. 8-9  |x 0231-6463 
850 |a Slovenská národná knižnica v Martine  |a MTA001 
852 |a SNK  |b KIS3GCP 
958 |a RK 
992 |a RBX 
999 |c 2239421  |d 2241351